000
00284 a2200121 4500
001
38984
082
_a
003 SOD
090
_c
24606
_d
24606
100
_a
Soderstrom T. S. :Petre G. Stoica
245
_a
System Identification
260
_a
U K
_b
Prentice hall
_c
1989
300
_a
612 p.
942
_a
NUST-CAE
_k
003 SOD
999
_c
274057
_d
274057